Statistics for S Answers Quiz #2

Click here to take the quiz!

General Stats

  • This quiz has been taken 34,144 times
  • The average score is 14 of 24

Answer Stats

ClueAnswer% Correct
National sport of JapanSumo
90%
"Personal assistant" on your iPhoneSiri
87%
Syndrome where hostages befriend
their captors
Stockholm
78%
Brand of racing swimwearSpeedo
77%
In New Zealand, they outnumber people 5 to 1Sheep
70%
Extremely expensive red spiceSaffron
69%
Served with jam at tea-timeScone
68%
Marine mammal or R&B singerSeal
67%
Faster than the speed of soundSupersonic
63%
Island chain north of Scotland known for poniesShetland
62%
Color of Hester Prynne's letterScarlet
61%
Ethnic group that encompasses Russians,
Poles, Croats, and many others
Slav
60%
Dakar is its capitalSenegal
57%
Germanic tribe; neighbors of the AnglesSaxons
56%
Peninsula that Israel returned to EgyptSinai
55%
Hindu destroyer godShiva
54%
Some fonts are "sans" theseSerifs
49%
Board game where Xu, Za, and Qi are
common words
Scrabble
48%
Dialect of LiverpoolScouse
44%
Jacob Marley's partnerScrooge
42%
Brazilian F1 champion who died in a crashSenna
40%
Brother of Cain and AbelSeth
33%
Chinese Buddhist monastery known
for martial arts prowess
Shaolin
30%
Computer that built TerminatorsSkynet
29%

Score Distribution

Percentile by Number Answered

Percent of People with Each Score

Your Score History

You have not taken this quiz